| 000 | 00997naa a2200289 c 4500 | ||
|---|---|---|---|
| 001 | 40631 | ||
| 003 | ES-MaCES | ||
| 005 | 20150929124623.0 | ||
| 008 | 100909n2010 sp d t 000 | spa d | ||
| 035 | _aCES20100009694v | ||
| 040 |
_aES-MaCES _bspa _cES-MaCES |
||
| 100 | 1 |
_aValero, Francisco J. _925431 |
|
| 245 | 1 | 4 |
_aLos sistemas institucionales de protección en su contexto europeo _cFrancisco J. Valero |
| 650 | 4 |
_aEspaña _926964 |
|
| 650 | 4 |
_adatos estadísticos _930765 |
|
| 650 | 4 |
_aactividad bancaria _928105 |
|
| 650 | 4 |
_aliquidez _928098 |
|
| 650 | 4 |
_afondos estructurales _930867 |
|
| 650 | 4 |
_acooperativa de crédito _928108 |
|
| 650 | 4 |
_abanco _928104 |
|
| 653 | 1 | 0 | _aEconomía |
| 650 | 4 |
_929763 _agrupo de ahorro y crédito |
|
| 773 | 0 |
_tAnálisis financiero internacional _gn. 139 (1er. trim. 2010){10381 R. 077070}; p. 16-39 _w(ES-MaCES)25391 _954818 |
|
| 902 | _aART Artículo de revista | ||
| 942 |
_2CES _cAR _h0.0. |
||
| 999 |
_c40631 _d40631 |
||